| 000 | 01034nam a2200301 i 4500 | ||
|---|---|---|---|
| 001 | 14179 | ||
| 003 | ES-MaACL | ||
| 005 | 20250825062626.0 | ||
| 007 | t| | ||
| 008 | 080110s1985 sp a 001 p spa | ||
| 020 | _a84-85866-68-1 | ||
| 080 | _a087.5:860-14"19" | ||
| 100 | 1 |
_aAlonso, Dámaso, _d1898-1990 _920195 |
|
| 245 | 1 | 0 |
_aDámaso Alonso para niños / _cedición preparada por María Asunción Mateo ; ilustraciones de Concha Martínez. |
| 250 | _a1ª ed. | ||
| 260 |
_aMadrid : _bEdiciones de la Torre, _c1985. |
||
| 300 |
_a127 p. : _bil., fot. ; _c22 cm. |
||
| 490 | 1 |
_aAlba y mayo ; _v9 |
|
| 500 | _aCronología: p.35-38. | ||
| 599 | _aRetr. de Dámaso Alonso. | ||
| 650 | 4 |
_aPoesías- _vLibros infantiles. _9142901 |
|
| 655 | 7 |
_aLibros infantiles _2tgfbne _9226786 |
|
| 700 | 1 |
_aMateo, María Asunción. _978950 |
|
| 700 | 1 |
_aMartínez, Concha. _977728 |
|
| 830 | 1 |
_aAlba y mayo ; _v9 _9226408 |
|
| 852 | 4 |
_aES-MaACL _jL-21389 _z- Dedicatoria autógrafa de María Asunción Mateo |
|
| 999 |
_c14179 _d14179 |
||